000 00440nam a2200181Ia 4500
001 21266
005 20260306172906.0
008 260306t2006||||xx |||||||||||||| ||spa||
041 _aESP
082 _a344.51
_bS18
100 _aSalinas Siccha, Ramiro [1968-...]
_eAUT
245 0 _aDelitos contra el patrimonio
260 _c2006
300 _a478 páginas :
_c23 cm.
650 _aGEN
654 _aCDE
942 _cLIB
_dJUS
_fJUS
_2ddc
_n
999 _c21266
_d21266